000 00337nam a2200133Ia 4500
005 20260326235457.0
008 260326s9999||||xx |||||||||||||| ||und||
100 _aCapitel, Antón
245 0 _aLa Arquitectura del patio /
_cAntón Capitel
260 _bGustavo Gili
300 _a199 p.
650 _aARQUITECTURA INTERIOR
942 _cBK
999 _c7962
_d7962